| 000 | 00958nam a22001817a 4500 | ||
|---|---|---|---|
| 005 | 20260306140400.0 | ||
| 010 | _aBACHN26 | ||
| 020 |
_a9789373596969 _c699.00 |
||
| 037 | _bएस चाँद एंड कंपनी लिमिटेड | ||
| 082 | _a000 | ||
| 100 |
_aविद्वान, रोहित _988073 |
||
| 245 |
_aके.वी.एस/एन.वी.एस ई एम आर एस/यू.पीएल टी ग्रेड/ _cरोहित विद्वान |
||
| 260 |
_aउत्तर प्रदेश _bएस चाँद एंड कंपनी लिमिटेड _c2026 |
||
| 270 |
_aडी-92, सेक्टर-02,नॉएडा _bउत्तर प्रदेश _k91-120-4682700 |
||
| 300 |
_a489पृ. _c24सेमी(अजिल्द) |
||
| 500 | _aटियर-II सब्जेक्टिव+ऑब्जेक्टिव | ||
| 942 |
_2ddc _cHN _h000 _mविद्वान |
||
| 999 |
_c215330 _d215330 |
||